MARC details
| 000 -CABECERA |
| campo de control de longitud fija |
02525nam a22003014i 4500 |
| 001 - NÚMERO DE CONTROL |
| campo de control |
991061721311606706 |
| 003 - IDENTIFICADOR DEL NÚMERO DE CONTROL |
| campo de control |
ES-BaIT |
| 005 - FECHA Y HORA DE LA ÚLTIMA TRANSACCIÓN |
| campo de control |
20260224121617.0 |
| 008 - DATOS DE LONGITUD FIJA--INFORMACIÓN GENERAL |
| campo de control de longitud fija |
260219s2025 sp o f 000 0 spa c |
| 020 ## - NÚMERO INTERNACIONAL ESTÁNDAR DEL LIBRO |
| Número Internacional Estándar del Libro |
9788409722730 |
| 040 ## - FUENTE DE LA CATALOGACIÓN |
| Centro catalogador/agencia de origen |
ES-BaIT |
| Lengua de catalogación |
cat |
| Normas de descripción |
rda |
| Centro/agencia transcriptor |
ES-BaIT |
| 080 ## - NÚMERO DE LA CLASIFICACIÓN DECIMAL UNIVERSAL |
| Número de la Clasificación Decimal Universal |
792.028.07 |
| 100 1# - ENTRADA PRINCIPAL--NOMBRE DE PERSONA |
| Nombre de persona |
Garzón Rodríguez, Silvia |
| Término indicativo de función/relación |
autor |
| 9 (RLIN) |
168646 |
| 245 10 - MENCIÓN DE TÍTULO |
| Título |
Danzando con maestros : |
| Resto del título |
cuaderno de viaje de una actriz de Atalaya / |
| Mención de responsabilidad, etc. |
Silvia Garzón Rodríguez |
| 264 #1 - PRODUCCIÓN, PUBLICACIÓN, DISTRIBUCIÓN, FABRICACIÓN Y COPYRIGHT |
| Producción, publicación, distribución, fabricación y copyright |
[España] : |
| Nombre del de productor, editor, distribuidor, fabricante |
Silvia Garzón, |
| Fecha de producción, publicación, distribución, fabricación o copyright |
2025 |
| 300 ## - DESCRIPCIÓN FÍSICA |
| Extensión |
318 pàgines : |
| Otras características físicas |
il·lustracions, fotografies (blanc i negre) ; |
| Dimensiones |
23 cm |
| 336 ## - TIPO DE CONTENIDO |
| Término de tipo de contenido |
text |
| Código de tipo de contenido |
txt |
| Fuente |
rdacontent |
| 337 ## - TIPO DE MEDIO |
| Nombre/término del tipo de medio |
sense mediació |
| Código del tipo de medio |
n |
| Fuente |
rdamedia |
| 338 ## - TIPO DE SOPORTE |
| Nombre/término del tipo de soporte |
volum |
| Código del tipo de soporte |
nc |
| Fuente |
rdacarrier |
| 520 ## - SUMARIO, ETC. |
| Sumario, etc. |
"¿Cómo se forma un actor a lo largo de los años? ¿Qué queda en el cuerpo y en la voz tras cada encuentro con un maestro? Este libro es la respuesta a esas preguntas.A lo largo de más de 25 años, Silvia Garzón Rodríguez ha recorrido un camino apasionante como actriz de Atalaya Teatro y pedagoga en el Laboratorio Internacional del Actor TNT, colaborando con maestros y maestras de todo el mundo. En estas páginas, comparte un cuaderno de viaje único, lleno de técnicas, reflexiones y vivencias que inspirarán tanto a profesionales de las artes escénicas como a estudiantes y amantes del teatro.El lector encontrará un recorrido vivo por el teatro físico, la técnica vocal para actores, el uso del cuerpo poético y el trabajo en grupo, explorando tradiciones teatrales de Oriente y Occidente:teatro balinés, kathakali, teatro Nô, butoh,tragedia griega, teatro brechtiano, teatro isabelino,mimo, biomecánica, clown, candomblé, danza contemporánea.Especial atención recibe el trabajo sobre la voz, el canto y el texto, con enseñanzas de maestros como Esperanza Abad, Linda Wise, Vicente León o Esteve Graset, esenciales para la formación integral del actor. Danzando con Maestros no es solo un libro de técnicas teatrales: es un homenaje a la transmisión del saber artístico, a la pasión por el teatro como arte transformador y a la búsqueda constante del actor-creador. Un libro imprescindible para quienes desean explorar nuevas dimensiones del cuerpo, la voz y el alma sobre el escenario." -- Amazon |
| 600 10 - PUNTO DE ACCESO ADICIONAL DE MATERIA--NOMBRE DE PERSONA |
| Nombre de persona |
Garzón Rodríguez, Silvia |
| 9 (RLIN) |
168646 |
| 650 #7 - PUNTO DE ACCESO ADICIONAL DE MATERIA--TÉRMINO DE MATERIA |
| Término de materia o nombre geográfico como elemento de entrada |
Actors |
| Subdivisión general |
Formació |
| 9 (RLIN) |
56119 |
| 650 #0 - PUNTO DE ACCESO ADICIONAL DE MATERIA--TÉRMINO DE MATERIA |
| Término de materia o nombre geográfico como elemento de entrada |
Actrius |
| Subdivisión general |
Formació |
| 9 (RLIN) |
88625 |
| 650 #7 - PUNTO DE ACCESO ADICIONAL DE MATERIA--TÉRMINO DE MATERIA |
| Término de materia o nombre geográfico como elemento de entrada |
Arts de l'espectacle |
| Subdivisión general |
Ensenyament |
| 9 (RLIN) |
56259 |
| 908 ## - COLOCAR PARÁMETRO DE COMANDO (RLIN) |
| Colocar parámetro de comando |
CDMAE |
| 940 ## - EQUIVALENCIA O REFERENCIA-CRUZADA--TÍTULO UNIFORME [OBSOLETO] [solamente CAN/MARC] |
| Título uniforme |
<a href="CVA38">CVA38</a> |
| 942 ## - ELEMENTOS DE ENTRADA AGREGADA (KOHA) |
| Fuente del sistema de clasificación o colocación |
Clasificación decimal universal |
| Tipo de ítem Koha |
Llibre |